000 00455nam a2200157Ia 4500
008 090711s9999 xx 000 0 und d
082 _b79454
100 _aकणेकर शिरीष
245 _aते साठ दिवस
300 _a113
600 _aकणेकर शिरीष
630 _aते साठ दिवस
700 _aकणेकर शिरीष
730 _aते साठ दिवस
942 _cBOOK
999 _c312131
_d312131